000 00819nac a22002897a 4500
001 BR7301793
003 BR-BrBNA
005 20240105113503.0
008 230509b bl.|||m| |||| 00| 0 por d
040 _aBR-BrBNA
_bpor
_cBiblioteca Nacional de Agricultura
072 _aL73
090 _a5212 BR7301793
100 1 _aPenha, A.M.
110 1 _aInstituto Biologico, Sao Paulo, SP (Brasil)
_95694
245 1 _aDoencas da criacao de bezerros
260 3 _aSao Paulo, SP (Brasil):
_c1968.
300 _a20 p.
490 _aPublicacao - Instituto Biologico (Brazil)
_vno. 121
_x
650 _aBEZERRO
650 _aPARATIFO
650 _aPNEUMONIA
650 _aONFALOFLEBITE
650 _aANAPLASMOSE
650 _aCOCCIDIOSE
909 _a202312
_bLúcia Elande
_c55
_dLúcia Elande
942 _2AGRIS
_n0
_cMS
999 _c264004
_d264004